On the banks of the tejaswini: (Record no. 156369)
[ view plain ]
| 000 -LEADER | |
|---|---|
| fixed length control field | 00690nam a22002057a 4500 |
| 005 - DATE AND TIME OF LATEST TRANSACTION | |
| control field | 20180827113240.0 |
| 010 ## - LCCN (DPL NO) | |
| LC control number | ENG-123771 |
| 020 ## - INTERNATIONAL STANDARD BOOK NUMBER | |
| Terms of availability | 175.00 |
| International Standard Book Number | 9788123763231 |
| 035 ## - SYSTEM CONTROL NUMBER | |
| System control number | EN-107303 |
| 037 ## - SOURCE OF ACQUISITION | |
| Source of stock number/acquisition | DBAD/PUB |
| 082 ## - DEWEY DECIMAL CLASSIFICATION NUMBER | |
| Classification number | 921 |
| 100 ## - MAIN ENTRY--PERSONAL NAME | |
| Personal name | Madhavan K |
| 245 ## - TITLE STATEMENT | |
| Title | On the banks of the tejaswini: |
| Statement of responsibility, etc | by K Madhavan; translated by P Radhika Menon |
| Remainder of title | K Madhavan an autobiography / |
| 260 ## - PUBLICATION, DISTRIBUTION, ETC. (IMPRINT) | |
| Place of publication, distribution, etc | New Delhi |
| Name of publisher, distributor, etc | National Book Trust |
| Date of publication, distribution, etc | 2011 |
| 270 ## - ADDRESS | |
| Address | Nehru Bhawan, 5 Industrial Area, Phae-II, Vasant Kunj, |
| City | New Delhi |
| Postal code | 110070 |
| 300 ## - PHYSICAL DESCRIPTION | |
| Extent | xiii,340p. |
| Dimensions | 22cm(pbk) |
| Other physical details | ill. |
| 500 ## - GENERAL NOTE | |
| General note | It includes glossary |
| 700 ## - ADDED ENTRY--PERSONAL NAME | |
| Personal name | Menon, P Radhika |
| 942 ## - ADDED ENTRY ELEMENTS (KOHA) | |
| Source of classification or shelving scheme | Dewey Decimal Classification |
| Item type | English Books |
| Call number suffix | MAD |
| Classification part | 921 |
| Withdrawn status | Lost status | Not for loan | Collection code | Home library | Current library | Date acquired | Source of acquisition | Cost, normal purchase price | Full call number | Barcode | Copy number | Cost, replacement price | Koha item type |
|---|---|---|---|---|---|---|---|---|---|---|---|---|---|
| Not For Loan | Non-fiction | D.B.Act.Division | Bawana | 27/08/2018 | DBAD/PUB | 175.00 | 921 MAD | EN-107303 | 1 | 175.00 | English Books |
